| 000 | 00480cam a22001457a 4500 | ||
|---|---|---|---|
| 008 | 180718b1985 xxu||||| |||| 00| 0 eng d | ||
| 082 | _aZ000x54 M527 | ||
| 100 | _aMenon, K.P.A. | ||
| 245 |
_aIndian agriculture: administrative and organisational constraints _cby K.P.A. Menon |
||
| 260 |
_aNew Delhi _bArthashastri _c1985 |
||
| 300 | _a232p. | ||
| 650 | _aAgriculture and state --India | ||
| 650 | _aAgriculture --Research --India | ||
| 650 | _aAgricultural administration --India | ||
| 999 |
_c477262 _d477262 |
||